000 00289nam a2200097Ia 4500
008 200120s9999 xx 000 0 und d
020 _a9780673811332
245 _aWhy does water wiggle?/ NA
260 _aIllinois:
_bScott Foresman and Company
_c1997
300 _a128 p. ;
_bcol. ill. :
_c26 cm.
999 _c362943
_d362943